| 000 | 00753cam a22002777a 4500 | ||
|---|---|---|---|
| 001 | 002157 | ||
| 003 | armpunfd | ||
| 005 | 20140612090700.0 | ||
| 008 | 080707e0####xx#a##########000#0##nd#d | ||
| 020 | _a9879505741953 | ||
| 040 |
_aarmpunfd _carmpunfd |
||
| 080 | _a343 Z 15 | ||
| 100 | 1 | 0 | _a Zaffaroni, Eugenio Raul |
| 245 | 1 | 0 | _aManual de derecho penal : parte general. |
| 260 |
_a Buenos Aires : _bEdiar, _c2007. |
||
| 300 | _a776 p. | ||
| 650 | 7 |
_a Delincuencia _2LEMB |
|
| 650 | 7 |
_a Delitos _2LEMB |
|
| 650 | 7 |
_a Derecho Penal _2LEMB |
|
| 650 | 7 |
_a Responsabilidad Punitiva _2LEMB |
|
| 700 | 1 | 0 | _aAlagia, Alejandro |
| 700 | 1 | 0 | _aSlokar, Alejandro |
| 942 |
_cLB _2cdu |
||
| 945 |
_aCatalis _d2010-08-19 |
||
| 945 |
_aCatalis _d2010-08-19 |
||
| 999 |
_c2147 _d232651 |
||